| 000 | 01438nam a2200337 c 4500 | ||
|---|---|---|---|
| 003 | BLK | ||
| 005 | 20180422112938.0 | ||
| 008 | 180410b bul|||||r ||||||| ||bul|| | ||
| 010 | _aKNG00156000000 | ||
| 020 |
_a978-954-23-0863-8 _bиздат.: Акад. изд. Д. А. Ценов |
||
| 040 | _aBLK | ||
| 041 |
_aBUL _cBUL |
||
| 072 | 7 |
_2bullib _aН84 _xБългарска художествена литература Н |
|
| 080 |
_aБългарска литература _b821.163.2 _x-4 _z821.163.2-4 |
||
| 100 | 1 |
_aСъбев, Петър _eпърви автор _9254877 |
|
| 700 | 1 |
_aТошков, Михаил Георгиев _eред., състав. и ил. _9373391 |
|
| 139 |
_aСъбев, Петър _bС 96 |
||
| 245 | 1 | 0 |
_aМостове през времето _bИзбрани есета _cПетър Събев; ред., състав. и ил. Михаил Георгиев Тошков. |
| 257 | _aBGR | ||
| 260 |
_аСвищов _bАкад. изд. Д. А. Ценов _c2013 |
||
| 300 |
_a271 с. _bс ил., портр. _c21 см |
||
| 380 | _aX | ||
| 500 | _aИмето на ред., състав., ил. отбелязано в библиогр. каре. - Съдържа и за авт. и худож. | ||
| 653 | _aесета | ||
| 659 | _aН | ||
| 852 | _aЦб 267951 | ||
| 856 | 4 |
_qpdf _u |
|
| 856 | 4 |
_qpdf _u |
|
| 942 |
_cKNG _n0 |
||
| 944 |
_aCR _c24.01.2014 _lф / _kПенка_Димитрова |
||
| 944 |
_aED _c29.09.2014 _lф / _k |
||
| 999 |
_c149704 _d149704 |
||